| 000 | 00894 a2200229 4500 | ||
|---|---|---|---|
| 010 | _aENG-89385 | ||
| 020 |
_a8178271702 _c700.00 |
||
| 035 | _aEN-72918 | ||
| 037 | _bDBAD / PUB | ||
| 082 | 1 | 4 | _a338.9519 |
| 090 |
_c10835 _d10835 |
||
| 245 | 1 |
_aKorea: _bin search of a global role/ _cedited by Sushila Narsimhan [and] Kim Do Young |
|
| 260 |
_aDelhi _bDepartment of East Asian Studies( University of Delhi) _c2007 |
||
| 260 |
_aNew Delhi _bManak Publications _c2007 |
||
| 270 |
_aB-7, Saraswati Complex, Subhash Chowk, Laxmi Nagar, _bNew Delhi _cDelhi _e110092 _k22453894, 22042529 _mmanak_pulications@hotmail.com |
||
| 300 |
_axxv, 222p _c21 cm ( Hb.) |
||
| 500 | _aIncludes index | ||
| 700 | 1 | _aNarsimhan, Sushila | |
| 700 | 1 | _aYoung, Kim Do | |
| 942 |
_adpl _cEN _k338.9519/ KOR |
||
| 999 |
_c10535 _d10535 |
||